00269nam a22000855i 4500020001800000082001400018245008100032260004800113300002200161 a9788119635535 a823 THA/W02aA wonderland of words :baround the word in 101 essays /cby Shashi Tharoor. a. - Aleph book companyb: New Delhic, 2024 axxviii, 442 pages